Normal view
MARC view
- تاليف: ابراهيم، محمود احمد / م.مشارك: ساطع رزوق، عبدالعزيز الدغيم
Entry Personal Name
001 - CONTROL NUMBER
- control field: 27591
003 - CONTROL NUMBER IDENTIFIER
- control field: JO-AjAnu
005 - DATE AND TIME OF LATEST TRANSACTION
- control field: 20230606074702.0
008 - FIXED-LENGTH DATA ELEMENTS
- fixed length control field: 230606|| aca||aabn | a|a d
040 ## - CATALOGING SOURCE
- Original cataloging agency: JO-AjAnu
- Transcribing agency: JO-AjAnu
100 ## - HEADING--PERSONAL NAME
- Personal name: تاليف: ابراهيم، محمود احمد / م.مشارك: ساطع رزوق، عبدالعزيز الدغيم
670 ## - SOURCE DATA FOUND
- Source citation: Work cat.: (JO-AjAnu)14168: تاليف: ابراهيم، محمود احمد / م.مشارك: ساطع رزوق، عبدالعزيز الدغيم, author, انظمة محاسبة التكاليف المحددة مقدماً: نظام التكاليف التقديرية ونظام التكاليف المعيارية